| 000 | 01063cam a22003374a 4500 | ||
|---|---|---|---|
| 001 | 14442628 | ||
| 003 | DO-SdBNP | ||
| 005 | 20221102085658.0 | ||
| 008 | 060510s2006 sp b 001 0 spa | ||
| 010 | _a 2006463801 | ||
| 020 | _a8466318542 | ||
| 035 | _a | ||
| 040 |
_aBPMSU _cspa _dBPMSU |
||
| 050 | 0 | 0 |
_a _b |
| 082 | 0 | 0 |
_a327.73 _2 _bT129r |
| 100 | 1 |
_aTaibo, Carlos, _d 1956- |
|
| 245 | 1 | 0 |
_aRapiña global : _buna introducción a la política internacional contemporánea / _cCarlos Taibo. |
| 260 |
_aMadrid : _bPunto de Lectura, _c2006. |
||
| 300 |
_a207 p. ; _c19 cm. |
||
| 490 | 0 |
_aPunto de lectura ; _aensayo _v31/1 |
|
| 504 | _aIncluye referencias bibliográficas (p. 203-207) e índice | ||
| 650 | 0 | _aGlobalizacion | |
| 650 | 4 |
_aImperialismo _zEstados Unidos |
|
| 650 | 4 |
_aGlobalization _xAspectos económicos. |
|
| 651 |
_aEstados Unidos _xRelaciones internacionales |
||
| 830 |
_aPunto de lectura _pensayo _v31/1 |
||
| 856 |
_a _pensayo _v31/1 |
||
| 910 | _aVMateo | ||
| 942 |
_2ddc _cBK |
||
| 945 | _aInventariado, 2018 / BT | ||
| 999 |
_c11374 _d11374 |
||